Exporten färdig — 

Toán cao cấp 1

Đã lưu trong:
書目詳細資料
主要作者: Lê, Văn Lai
格式: Sách
語言:Undetermined
出版: Đại học Công nghiệp TP. Hồ Chí Minh 2021
主題:
在線閱讀:https://opac.iuh.edu.vn/TraCuuTaiLieuSo2XemChiTiet.aspx?Id=118851
標簽: 添加標簽
沒有標簽, 成為第一個標記此記錄!
Thư viện lưu trữ: Trung tâm Thư viện - Trường Đại học Công nghiệp TP. Hồ Chí Minh
LEADER 00558nam a2200169Ia 4500
001 UIH_00222
008 230809s9999 xx 000 0 und d
082 |a 515 
100 |a Lê, Văn Lai 
245 0 |a Toán cao cấp 1 
245 0 |c Lê, Văn Lai 
260 |b Đại học Công nghiệp TP. Hồ Chí Minh 
260 |c 2021 
650 |a Toán học; 
856 |u https://opac.iuh.edu.vn/TraCuuTaiLieuSo2XemChiTiet.aspx?Id=118851 
927 |a Sách 
980 |a Trung tâm Thư viện - Trường Đại học Công nghiệp TP. Hồ Chí Minh